Исследование процесса восстановления молибдена (VI) на ртутном и амальгамных электродах: автореферат диссертации на соискание ученой степени кандидата химических наук; спец. 071, 074

Bibliografiske detaljer
Hovedforfatter: Мерцалова В. Е.
Institution som forfatter: Казахский государственный университет (КазГУ)
Andre forfattere: Сперанская Е. Ф. (научный руководитель), Козловский М. Т.
Sprog:russisk
Udgivet: Алма-Ата, [Б. и.], 1971
Fag:
Format: MixedMaterials Bog
KOHA link:https://koha.lib.tpu.ru/cgi-bin/koha/opac-detail.pl?biblionumber=340823

MARC

LEADER 00000nam0a2200000 4500
001 340823
005 20231101033230.0
035 |a (RuTPU)RU\TPU\book\367780 
090 |a 340823 
100 |a 20180409d1971 k y0rusy50 ca 
101 0 |a rus 
102 |a KZ 
105 |a a dm 001zy 
200 1 |a Исследование процесса восстановления молибдена (VI) на ртутном и амальгамных электродах  |e автореферат диссертации на соискание ученой степени кандидата химических наук  |e спец. 071, 074  |f В. Е. Мерцалова  |g Казахский государственный университет (КазГУ) ; науч. рук. Е. Ф. Сперанская, М. Т. Козловский 
210 |a Алма-Ата  |c [Б. и.]  |d 1971 
215 |a 20 с.  |c ил. 
320 |a Библиогр.: с. 19-20 (11 назв.) 
606 1 |a Молибден  |x Электрохимия  |2 stltpush  |3 (RuTPU)RU\TPU\subj\76889 
610 1 |a восстановление 
610 1 |a ртутные электроды 
610 1 |a амальгамные электроды 
610 1 |a растворы 
610 1 |a катоды 
610 1 |a переходные металлы 
610 1 |a соли 
610 1 |a авторефераты диссертаций 
610 1 |a библиотека А. Г. Стромберга 
675 |a 546.77(04)  |v 4 
686 |a 071  |2 oksvnk 
686 |a 074  |2 oksvnk 
700 1 |a Мерцалова  |b В. Е. 
702 1 |a Сперанская  |b Е. Ф.  |4 727 
702 1 |a Козловский  |b М. Т.  |4 727 
712 0 2 |a Казахский государственный университет (КазГУ)  |c (Алма-Ата)  |2 stltpush  |3 (RuTPU)RU\TPU\col\8922 
801 1 |a RU  |b 63413507  |c 20180409 
801 2 |a RU  |b 63413507  |c 20180530  |g RCR 
942 |c BK